Estudios sobre el español de Nuevo Méjico / (Record no. 60589)
[ view plain ]
| 000 -LEADER | |
|---|---|
| campo de control de longitud fija | 01019nam a2200253 i 4500 |
| 001 - NÚMERO DE CONTROL | |
| campo de control | 60589 |
| 003 - IDENTIFICADOR DE NÚMERO DE CONTROL | |
| campo de control | ES-MaACL |
| 005 - FECHA Y HORA DE LA ÚLTIMA TRANSACCIÓN | |
| campo de control | 20230906164250.0 |
| 007 - CAMPO FIJO DE DESCRIPCIÓN FÍSICA--INFORMACIÓN GENERAL | |
| campo de control de longitud fija | t| |
| 008 - DATOS DE LONGITUD FIJA--INFORMACIÓN GENERAL | |
| campo de control de longitud fija | 031105s1930 ag ||||1| spa d |
| 100 1# - ENTRADA PRINCIPAL--NOMBRE DE PERSONA | |
| Nombre de persona | Espinosa, Aurelio M. |
| 9 (RLIN) | 47875 |
| 245 10 - MENCIÓN DEL TÍTULO | |
| Título | Estudios sobre el español de Nuevo Méjico / |
| Mención de responsabilidad, etc. | por Aurelio M. Espinosa ; traducción y reelaboración con notas por Armando Alonso y Angel Rosenblat. |
| 260 ## - PUBLICACIÓN, DISTRIBUCIÓN, ETC. | |
| Lugar de publicación, distribución, etc. | Buenos Aires : |
| Nombre del editor, distribuidor, etc. | [s.n.], |
| Fecha de publicación, distribución, etc. | 1930 ( |
| Fabricante | Imp. universidad) |
| 300 ## - DESCRIPCIÓN FÍSICA | |
| Extensión | 472 p., 1 lám. 1 gráf. pleg. ; |
| Dimensiones | 23 cm. |
| 490 1# - MENCIÓN DE SERIE | |
| Mención de serie | Biblioteca de dialectología hispanomericana |
| 500 ## - NOTA GENERAL | |
| Nota general | Es el T. I. |
| 500 ## - NOTA GENERAL | |
| Nota general | Precede al tít.: Facultad de Filosofía y Letras de la Universidad de Buenos Aires. Instituto de Filología. |
| 700 1# - ENTRADA AGREGADA--NOMBRE PERSONAL | |
| Nombre de persona | Alonso, Armando. |
| 9 (RLIN) | 20187 |
| 700 1# - ENTRADA AGREGADA--NOMBRE PERSONAL | |
| Nombre de persona | Rosenblat, Angel. |
| 9 (RLIN) | 99732 |
| 710 2# - ENTRADA AGREGADA--NOMBRE DE ENTIDAD CORPORATIVA | |
| Nombre de entidad corporativa o nombre de jurisdicción como elemento de entrada | Instituto de Filología (Buenos Aires) |
| 9 (RLIN) | 4943 |
| 830 0# - PUNTO DE ACCESO ADICIONAL DE SERIE-TÍTULO UNIFORME | |
| Título uniforme | Biblioteca de dialectología hispanomericana |
| 9 (RLIN) | 230566 |
| 852 ## - LOCALIZACIÓN | |
| Ubicación | ES-MaACL |
| Número de control de estantería | C-7240 |
| Estatus retirado | Estado de pérdida | Estado de daño | No para préstamo | Biblioteca de origen | Biblioteca actual | Ubicación en estantería | Fecha de adquisición | Fuente de adquisición | Total de préstamos | Signatura topográfica completa | Código de barras | Visto por última vez | Precio de reemplazo | Tipo de ítem Koha |
|---|---|---|---|---|---|---|---|---|---|---|---|---|---|---|
| Biblioteca del Ateneo de Madrid | Biblioteca del Ateneo de Madrid | Sala Palomar | 17/01/2008 | C-7240 | 1063545 | 23/02/2023 | 23/02/2023 | Libro impreso |
